000 00555nam a2200205 i 4500
001 bg
100 1 _aŁODZIANA-GRABOWSKA, Joanna
245 1 0 _aEfektywność reklamy /
_cJoanna Łodziana-Grabowska.
260 _aWarszawa :
_bPolskie Wydaw. Ekonomiczne,
_c1996.
300 _a273, [3] s. :
_bwykr. ;
_c21 cm.
504 _aBibliogr. s. 172-[174].
650 9 _aReklama
_xmetody
020 _a832081037X
040 _cBPK
041 0 _apl
080 _a659.1
920 _a83-208-1037-X
942 _cKS
008 s pl f |000 0 pol
999 _c31333
_d31333
856 _uhttp://koha.tu.koszalin.pl/cgi-bin/koha/opac-detail.pl?biblionumber=31333
_yKatalog online BPK